00869nam a2200229 a 4500001001000000003000400010005001700014008004100031020001500072040002500087082001600112100004700128245011000175260004400285300002100329504003200350700006100382710005500443942001300498952011300511999001500624000005235OSt20200929151621.0090818s1993 sp 000 0 spa d a8400068912 aDO-SdBNPbspacBNPHU axxxxbM519m1 aMelero Columbrí, Francisco Javier91493710aMateriales y procesos avanzados :bmateriales de alta tecnología /cFrancisco Javier Melero Columbrí. aMadrid, España :bTGI ;bCSIC,c1993. a250 p. ;c21 cm. aBibliografía : p. 249-2501 aConsejo Superior de Investigaciones Científicas9149391 aTecnología y Gestión de la Innovación914938 2ddccLF1 001050718MOaGRbGRcHDd2009-08-18iLF1l0oxxxx M519mp5235-10r2020-06-25w2020-06-25y1ZNo se presta c5036d5036